Was ist Forensische Psychotherapie?

Gespeichert in:  
Bibliographische Detailangaben
VerfasserInnen: Pfäfflin, Friedemann 1945- (Verfasst von) ; Kächele, Horst (Verfasst von)
Medienart: Druck Aufsatz
Sprache:Deutsch
Veröffentlicht: 1996
In: Psychotherapie, Psychosomatik, medizinische Psychologie
Jahr: 1996, Band: 46, Heft: 3/4, Seiten: 153-155
Verfügbarkeit prüfen: HBZ Gateway
Schlagwörter:

MARC

LEADER 00000caa a22000002c 4500
001 163919813X
003 DE-627
005 20230428183347.0
007 tu
008 160223s1996 xx ||||| 00| ||ger c
035 |a (DE-627)163919813X 
035 |a (DE-576)455795851 
035 |a (DE-599)BSZ455795851 
040 |a DE-627  |b ger  |c DE-627  |e rakwb 
041 |a ger 
100 1 |a Pfäfflin, Friedemann  |d 1945-  |0 (DE-588)1015322921  |0 (DE-627)668740256  |0 (DE-576)164221204  |4 aut 
109 |a Pfäfflin, Friedemann 1945-  |a Pfäfflin, F. 1945-  |a Pfäfflin, Friedmann 1945- 
245 1 0 |a Was ist Forensische Psychotherapie?  |c Friedemann Pfäfflin, Horst Kächele 
264 1 |c 1996 
336 |a Text  |b txt  |2 rdacontent 
337 |a ohne Hilfsmittel zu benutzen  |b n  |2 rdamedia 
338 |a Band  |b nc  |2 rdacarrier 
700 1 |a Kächele, Horst  |4 aut 
773 0 8 |i In  |t Psychotherapie, Psychosomatik, medizinische Psychologie  |d Stuttgart [u.a.] : Thieme, 1980  |g 46(1996), 3/4, Seite 153-155  |w (DE-627)130637203  |w (DE-600)800571-0  |w (DE-576)016145380  |x 0937-2032  |7 nnas 
773 1 8 |g volume:46  |g year:1996  |g number:3/4  |g pages:153-155 
935 |a mkri 
951 |a AR 
ELC |b 1 
LOK |0 000 xxxxxcx a22 zn 4500 
LOK |0 001 3299555820 
LOK |0 003 DE-627 
LOK |0 004 163919813X 
LOK |0 005 20160223094820 
LOK |0 008 160208||||||||||||||||ger||||||| 
LOK |0 040   |a DE-21-110  |c DE-627  |d DE-21-110 
LOK |0 689   |a s  |a Psychotherapie 
LOK |0 689   |a s  |a Forensische Psychiatrie 
LOK |0 852   |z Kein Bestand am IfK; Nachweis für KrimDok 
LOK |0 852   |a DE-21-110 
LOK |0 852 1  |m v  |9 00 
LOK |0 935   |a k110 
LOK |0 938   |k v 
LOK |0 939   |a 08-02-16  |b l01 
ORI |a SA-MARC-krimdoka001.raw